| 000 | 01035nam a2200289 i 4500 | ||
|---|---|---|---|
| 003 | DO-SdBNP | ||
| 005 | 20260430143904.0 | ||
| 007 | ta | ||
| 008 | 260430b2025 dr c|||| |||| 00| 0 spa d | ||
| 020 | _a9789945949124 | ||
| 040 |
_aDO-SdBNP _bspa _cBNPHU _erda |
||
| 041 | _aspa | ||
| 082 | 4 |
_axxx _bM538f _222 |
|
| 100 |
_aMéndez, Justo, _eautor _4aut. _989443 |
||
| 245 | 1 | 0 |
_aFundamentos de oratoria castrense : _bliderazgo y persuación en las fuerzas militares / _cJusto Méndez ; prólogo, Carlos Antonio Fernández Onofre |
| 264 | 4 |
_aSanto Domingo : _bEditorial Luz de Luna, _c©2025. |
|
| 300 |
_a213 páginas : _bretratos ; _c22 cm. |
||
| 336 |
_atexto _btxt _2rdacontent |
||
| 337 |
_asin mediación _bn _2rdamedia |
||
| 338 |
_avolumen _bnc _2rdacarrier |
||
| 500 | _aIncluye datos biográficos del autor en las solapas | ||
| 504 | _aBibliografía : páginas 209-213 | ||
| 590 | _aInventariado, 2026/BT | ||
| 700 | 1 |
_aFernández Onofre, Carlos Antonio, _eprologuista _4pr. _989444 |
|
| 910 | _aBtavárez | ||
| 942 |
_2ddc _cLBS1 |
||
| 999 |
_c60646 _d60646 |
||